000 nam a22 7a 4500
999 _c107345
_d107344
005 20210715101600.0
008 210324b ||||| |||| 00| 0 eng d
020 _a9789389718911
080 _a(079.1):681.2
_bGAT "2021" R
245 _aGATE 2021
_binstrumentation engineering
260 _aNew Delhi
_bG.K publications
_c2021
300 _axxiv, 8.16p.
653 _aCompetitive exam guide
653 _aGATE-Instrumentation Engineering-2021
942 _cREF